[Event "30. Open El Corte Inglés 2009 "]
[Site "Las Palmas de Gran Canaria"]
[Date "2009.12.07"]
[Round "8.4"]
[White "Trujillo Alvarado, Ivan"]
[Black "Torres Ventosa, Pedro Eugenio"]
[Result "1/2-1/2"]
[WhiteElo "2149"]
[BlackElo "2113"]
[PlyCount "84"]
[EventDate "2009.12.02"]
[EventType "swiss"]
[EventRounds "9"]
[EventCountry "ESP"]
[Source "lmi"]
[SourceDate "2009.12.02"]

1. Nf3 Nf6 2. g3 g6 3. Bg2 Bg7 4. O-O O-O 5. c4 d5 6. cxd5 Nxd5 7. Qb3 Nb6 8.
Nc3 Nc6 9. d3 Bg4 10. Be3 Be6 11. Qc2 Nd5 12. Nxd5 Bxd5 13. a3 a5 14. Bd2 Bxf3
15. exf3 Ne5 16. Be3 c6 17. Rfd1 Nd7 18. Rab1 Nf6 19. f4 Nd5 20. Bd2 Qd7 21.
Be1 Rfd8 22. d4 e6 23. Rd3 Nc7 24. Rbd1 Nb5 25. Bc3 Qd6 26. a4 Nc7 27. Qd2 b6
28. b4 Nd5 29. bxa5 bxa5 30. Qc2 Ra7 31. Be1 Rc8 32. Qc4 Nb6 33. Qb3 Rb8 34.
Qc2 Nd5 35. Rc1 Nb4 36. Bxb4 Rxb4 37. Qxc6 Qxc6 38. Bxc6 Rc7 39. Rdc3 Rxd4 40.
Rc4 Rd2 41. R4c2 Rxc2 42. Rxc2 Bf8 1/2-1/2

[Event "30. Open El Corte Inglés 2009 "]
[Site "Las Palmas de Gran Canaria"]
[Date "2009.12.07"]
[Round "8.5"]
[White "Perez Felipe, Marcos Adrian"]
[Black "Herrera Reyes, Jose Antonio"]
[Result "1-0"]
[WhiteElo "2285"]
[BlackElo "2103"]
[PlyCount "39"]
[EventDate "2009.12.02"]
[EventType "swiss"]
[EventRounds "9"]
[EventCountry "ESP"]
[Source "lmi"]
[SourceDate "2009.12.02"]

1. d4 d5 2. c4 c6 3. Nc3 Nf6 4. Nf3 a6 5. c5 b5 6. cxb6 Nbd7 7. g3 Nxb6 8. Ne5
Bb7 9. Bg2 e6 10. O-O Bd6 11. Na4 Nxa4 12. Qxa4 O-O 13. Nd3 Nd7 14. Bf4 Bxf4
15. gxf4 a5 16. Qc2 Qb6 17. e3 Ba6 18. Rfc1 Bxd3 19. Qxd3 Qxb2 20. Rcb1 1-0

[Event "30. Open El Corte Inglés 2009 "]
[Site "Las Palmas de Gran Canaria"]
[Date "2009.12.07"]
[Round "8.6"]
[White "Menvielle Laccourreye, Augusto"]
[Black "Also Alvarado, Luis"]
[Result "1-0"]
[WhiteElo "2281"]
[BlackElo "2142"]
[PlyCount "125"]
[EventDate "2009.12.02"]
[EventType "swiss"]
[EventRounds "9"]
[EventCountry "ESP"]
[Source "lmi"]
[SourceDate "2009.12.02"]

1. e4 e5 2. Nf3 Nc6 3. Bb5 a6 4. Ba4 Nf6 5. d3 d6 6. c3 Be7 7. O-O O-O 8. Nbd2
Nd7 9. Re1 Nc5 10. Bc2 Ne6 11. Nf1 Ng5 12. Ne3 Nxf3+ 13. Qxf3 Bg5 14. Qd1 Ne7
15. d4 Ng6 16. Nf5 Bxc1 17. Rxc1 Qg5 18. g3 Ne7 19. Qf3 g6 20. Ne3 Kg7 21. h4
Qf6 22. Qxf6+ Kxf6 23. Rcd1 Be6 24. f4 exf4 25. gxf4 Kg7 26. Rd2 f5 27. e5 dxe5
28. dxe5 Rad8 29. Red1 Rxd2 30. Rxd2 Kf7 31. Bb3 Bxb3 32. axb3 Ke6 33. b4 h6
34. Nc2 Nc6 35. c4 b5 36. Rd5 bxc4 37. Rc5 Kd7 38. Kf2 Rb8 39. Rxc4 a5 40. b5
Rxb5 41. e6+ Kxe6 42. Rxc6+ Kd5 43. Rxc7 Rxb2 44. Kf3 a4 45. Ne3+ Ke6 46. Rc6+
Kf7 47. Nc4 Rb3+ 48. Kg2 Rb4 49. Ne5+ Kg7 50. Rxg6+ Kh7 51. Kf3 Rb3+ 52. Ke2
Rh3 53. Ra6 Rxh4 54. Ra7+ Kg8 55. Rxa4 Kg7 56. Ra7+ Kf6 57. Ra6+ Kg7 58. Ke3
Rh3+ 59. Nf3 Rh1 60. Nd4 Rh3+ 61. Kd2 Rh4 62. Ke3 Kh7 63. Rf6 1-0

[Event "30. Open El Corte Inglés 2009 "]
[Site "Las Palmas de Gran Canaria"]
[Date "2009.12.07"]
[Round "8.7"]
[White "Sanchez Quintero, Raul"]
[Black "Hernandez Leon, Alberto"]
[Result "0-1"]
[WhiteElo "2131"]
[BlackElo "2241"]
[PlyCount "58"]
[EventDate "2009.12.02"]
[EventType "swiss"]
[EventRounds "9"]
[EventCountry "ESP"]
[Source "lmi"]
[SourceDate "2009.12.02"]

1. e4 c5 2. Nf3 d6 3. d4 cxd4 4. Nxd4 Nf6 5. Nc3 a6 6. g3 e5 7. Nb3 Be7 8. Bg2
O-O 9. O-O Be6 10. f4 b5 11. f5 Bc4 12. Rf2 b4 13. Nd5 Bxd5 14. exd5 a5 15. g4
Nfd7 16. a3 Na6 17. axb4 axb4 18. Qe2 Nc7 19. Rxa8 Nxa8 20. Be3 Bg5 21. Nd2
Nab6 22. Rf1 Bxe3+ 23. Qxe3 Nf6 24. g5 Nfxd5 25. Qg3 Nf4 26. Rxf4 exf4 27. Qxf4
Qe7 28. f6 Qe5 29. Qf2 Qc5 0-1

[Event "30. Open El Corte Inglés 2009 "]
[Site "Las Palmas de Gran Canaria"]
[Date "2009.12.07"]
[Round "8.8"]
[White "Gonzalez Intelangelo, Gerardo"]
[Black "Gonzalez Garcia, Guillermo"]
[Result "0-1"]
[WhiteElo "2094"]
[BlackElo "2219"]
[PlyCount "126"]
[EventDate "2009.12.02"]
[EventType "swiss"]
[EventRounds "9"]
[EventCountry "ESP"]
[Source "lmi"]
[SourceDate "2009.12.02"]

1. d4 Nf6 2. Nf3 c5 3. c3 e6 4. Bg5 Nc6 5. e3 d5 6. Nbd2 Be7 7. Bd3 h6 8. Bh4
Qb6 9. Rb1 Bd7 10. O-O Rc8 11. Qe2 cxd4 12. exd4 a6 13. Ne5 Nxe5 14. dxe5 Ng8
15. Bg3 Bg5 16. Nf3 Be7 17. Nd4 Bc5 18. Qg4 Kf8 19. Ne2 h5 20. Qf3 Bb5 21. Bxb5
axb5 22. Nf4 Rh6 23. Nxh5 Qa6 24. Bf4 Rh7 25. a3 Qa4 26. Ng3 Ne7 27. Be3 Qh4
28. h3 Ng6 29. Rfe1 Kg8 30. Bxc5 Rxc5 31. b3 Qe7 32. Qe3 Qc7 33. Rbc1 Rh4 34.
f3 d4 35. cxd4 Rxd4 36. Qxd4 Rxc1 37. Rxc1 Qxc1+ 38. Kh2 Qxa3 39. b4 Qc1 40.
Ne2 Qe1 41. Qe4 Ne7 42. Qxb7 Qxb4 43. Qb8+ Kh7 44. Qf8 Kg6 45. f4 Nd5 46. Qxb4
Nxb4 47. Nd4 Nd3 48. Kg3 b4 49. Kf3 Nc5 50. Ke2 b3 51. Kd2 Kh5 52. Nf3 Ne4+ 53.
Kd3 Ng3 54. Nd2 b2 55. Nb1 g5 56. Ke3 g4 57. Kf2 Kh4 58. hxg4 Kxg4 59. Ke3 Nh5
60. f5 Kxf5 61. Kf3 Kxe5 62. Kg4 Nf6+ 63. Kg5 Ne4+ 0-1

[Event "30. Open El Corte Inglés 2009 "]
[Site "Las Palmas de Gran Canaria"]
[Date "2009.12.07"]
[Round "8.9"]
[White "Hernandez Leon, Sergio"]
[Black "Gutierrez Olivares, Daniel"]
[Result "1/2-1/2"]
[WhiteElo "2124"]
[BlackElo "2177"]
[PlyCount "24"]
[EventDate "2009.12.02"]
[EventType "swiss"]
[EventRounds "9"]
[EventCountry "ESP"]
[Source "lmi"]
[SourceDate "2009.12.02"]

1. d4 Nf6 2. Bg5 e6 3. e4 h6 4. Bxf6 Qxf6 5. c3 d6 6. Nd2 Nd7 7. Bd3 g5 8. Ne2
$2 e5 9. Nc4 Bg7 10. Ne3 c6 11. Ng3 Qg6 12. Nef5 Bf8 1/2-1/2

[Event "30. Open El Corte Inglés 2009 "]
[Site "Las Palmas de Gran Canaria"]
[Date "2009.12.07"]
[Round "8.10"]
[White "Garcia Blanco, Omar"]
[Black "Morales Quintero, Jose Miguel"]
[Result "0-1"]
[WhiteElo "2237"]
[BlackElo "2091"]
[PlyCount "60"]
[EventDate "2009.12.02"]
[EventType "swiss"]
[EventRounds "9"]
[EventCountry "ESP"]
[Source "lmi"]
[SourceDate "2009.12.02"]

1. e4 d6 2. d4 Nf6 3. Bd3 e5 4. dxe5 dxe5 5. Nf3 Nc6 6. c3 Be7 7. O-O O-O 8. h3
h6 9. Qe2 Be6 10. Rd1 Nd7 11. Nbd2 Bf6 12. Nf1 Qe7 13. Ne3 Nb6 14. b4 Rfd8 15.
a4 Bb3 16. Re1 Nxa4 17. Ra3 Nxc3 18. Qb2 Rxd3 19. Rxb3 Na4 20. Qa3 Rxb3 21.
Qxb3 Qxb4 22. Qa2 Nd4 23. Nd2 c6 24. Ba3 Nc3 25. Bxb4 Nxa2 26. Ba5 Bd8 27. Ndc4
f6 28. Bd2 b5 29. Nd6 a5 30. Ra1 Nc3 0-1

[Event "30. Open El Corte Inglés 2009 "]
[Site "Las Palmas de Gran Canaria"]
[Date "2009.12.08"]
[Round "9.1"]
[White "Kurajica, Bojan"]
[Black "Barlov, Dragan"]
[Result "1/2-1/2"]
[WhiteElo "2517"]
[BlackElo "2488"]
[PlyCount "35"]
[EventDate "2009.12.02"]
[EventType "swiss"]
[EventRounds "9"]
[EventCountry "ESP"]
[Source "lmi"]
[SourceDate "2009.12.02"]

1. e4 c5 2. Nf3 Nc6 3. d4 cxd4 4. Nxd4 Qb6 5. Nb3 Nf6 6. Nc3 e6 7. Be3 Qc7 8.
Bd3 a6 9. f4 d6 10. O-O Be7 11. a3 O-O 12. Kh1 b5 13. Qf3 b4 14. axb4 Nxb4 15.
e5 Bb7 16. Qh3 dxe5 17. fxe5 Qxe5 18. Ra5 1/2-1/2

[Event "30. Open El Corte Inglés 2009 "]
[Site "Las Palmas de Gran Canaria"]
[Date "2009.12.08"]
[Round "9.2"]
[White "Hernandez Leon, Alberto"]
[Black "Belezky, Alexander"]
[Result "1/2-1/2"]
[WhiteElo "2241"]
[BlackElo "2455"]
[PlyCount "27"]
[EventDate "2009.12.02"]
[EventType "swiss"]
[EventRounds "9"]
[EventCountry "ESP"]
[Source "lmi"]
[SourceDate "2009.12.02"]

1. d4 Nf6 2. Nf3 e6 3. c4 Bb4+ 4. Bd2 Qe7 5. g3 Nc6 6. Bg2 Bxd2+ 7. Nbxd2 O-O
8. e4 d6 9. O-O e5 10. d5 Nb8 11. Ne1 a5 12. Nd3 Na6 13. Qc2 c6 14. Rac1
1/2-1/2

[Event "30. Open El Corte Inglés 2009 "]
[Site "Las Palmas de Gran Canaria"]
[Date "2009.12.08"]
[Round "9.4"]
[White "Torres Ventosa, Pedro Eugenio"]
[Black "Perez Felipe, Marcos Adrian"]
[Result "1/2-1/2"]
[WhiteElo "2113"]
[BlackElo "2285"]
[PlyCount "66"]
[EventDate "2009.12.02"]
[EventType "swiss"]
[EventRounds "9"]
[EventCountry "ESP"]
[Source "lmi"]
[SourceDate "2009.12.02"]

1. e4 c5 2. Nf3 Nc6 3. c3 d5 4. exd5 Qxd5 5. d4 $2 e6 6. Bd3 Nf6 7. O-O cxd4 8.
cxd4 Be7 9. Nc3 Qd6 10. Be3 O-O 11. Qe2 a6 12. Rad1 Nb4 13. Bb1 b5 14. Ne5 Bb7
15. Bf4 Nbd5 16. Nxd5 Qxd5 17. f3 Rac8 18. Bg5 Qd8 19. Qd3 g6 20. Bh6 Re8 21.
Rfe1 Nd5 22. f4 Bh4 23. Re2 Bf6 24. Qg3 Ne7 25. h4 Nf5 26. Bxf5 exf5 27. Bg5
Bd5 28. a3 Qd6 29. Bxf6 Qxf6 30. Rdd2 Rc1+ 31. Kh2 Rec8 32. Nd7 Qd6 33. Nc5 Kh8
1/2-1/2

[Event "30. Open El Corte Inglés 2009 "]
[Site "Las Palmas de Gran Canaria"]
[Date "2009.12.08"]
[Round "9.5"]
[White "Morales Quintero, Jose Miguel"]
[Black "Menvielle Laccourreye, Augusto"]
[Result "0-1"]
[WhiteElo "2091"]
[BlackElo "2281"]
[PlyCount "86"]
[EventDate "2009.12.02"]
[EventType "swiss"]
[EventRounds "9"]
[EventCountry "ESP"]
[Source "lmi"]
[SourceDate "2009.12.02"]

1. c4 Nf6 2. Nc3 g6 3. g3 Bg7 4. Bg2 O-O 5. Nf3 d6 6. d4 Nbd7 7. O-O Re8 8. e4
e5 9. d5 Nc5 10. Qc2 a5 11. Bd2 c6 12. Rfe1 Bd7 13. Be3 cxd5 14. Bxc5 dxe4 15.
Ng5 dxc5 16. Ngxe4 Nxe4 17. Bxe4 f5 18. Bxb7 Rb8 19. Bg2 e4 20. Rab1 Bd4 21.
Nd1 Qf6 22. b3 Bc6 23. Ne3 Rbd8 24. Qe2 h5 25. Rbd1 Kg7 26. Nc2 h4 27. Rd2 hxg3
28. hxg3 Qg5 29. Red1 Qf6 30. Ne3 Rh8 31. a3 Rb8 32. b4 axb4 33. axb4 Ba4 34.
Nd5 Qe5 35. Rb1 Qxg3 36. b5 Qe5 37. Ra2 Bxb5 38. Ra7+ Kh6 39. Re7 Bxc4 40. Rxb8
Bxe2 41. Rxe5 Rxb8 42. Re6 Rb1+ 43. Kh2 Bc4 0-1

[Event "30. Open El Corte Inglés 2009 "]
[Site "Las Palmas de Gran Canaria"]
[Date "2009.12.08"]
[Round "9.6"]
[White "Gonzalez Garcia, Guillermo"]
[Black "Morales Camacho, Julian"]
[Result "1/2-1/2"]
[WhiteElo "2219"]
[BlackElo "2234"]
[PlyCount "25"]
[EventDate "2009.12.02"]
[EventType "swiss"]
[EventRounds "9"]
[EventCountry "ESP"]
[Source "lmi"]
[SourceDate "2009.12.02"]

1. Nf3 e6 2. d4 d5 3. e3 Nf6 4. Nbd2 Be7 5. Be2 O-O 6. c4 Nbd7 7. O-O b6 8. b3
Bb7 9. Bb2 c5 10. Qc2 Rc8 11. dxc5 Bxc5 12. Rad1 Qe7 13. Ne5 1/2-1/2

[Event "30. Open El Corte Inglés 2009 "]
[Site "Las Palmas de Gran Canaria"]
[Date "2009.12.08"]
[Round "9.7"]
[White "Galvan Sarmiento, Jose Luis"]
[Black "Tatai, Stefano"]
[Result "0-1"]
[WhiteElo "2017"]
[BlackElo "2347"]
[PlyCount "86"]
[EventDate "2009.12.02"]
[EventType "swiss"]
[EventRounds "9"]
[EventCountry "ESP"]
[Source "lmi"]
[SourceDate "2009.12.02"]

1. d4 Nf6 2. Nf3 g6 3. h3 c5 4. c3 Qc7 5. dxc5 Qxc5 6. Bf4 Nc6 7. e3 Bg7 8. Be2
O-O 9. Nbd2 e5 10. Nb3 Qe7 11. Bg5 h6 12. Bxf6 Bxf6 13. e4 d6 14. Qd2 Bg7 15.
O-O-O Rd8 16. Ne1 Be6 17. c4 a5 18. Nc2 a4 19. Nba1 Qc7 20. Kb1 Qb6 21. Qe3 Nd4
22. Na3 Rac8 23. N1c2 Rc5 24. Bd3 Rdc8 25. Nxd4 exd4 26. Qe2 Qc6 27. g4 Be5 28.
h4 Qd7 29. Rdg1 Qd8 30. Qd2 Qf6 31. g5 Bf4 32. Qe2 hxg5 33. h5 g4 34. hxg6 fxg6
35. b3 axb3 36. axb3 Rh5 37. Nb5 Kg7 38. Qd1 Be5 39. Qf1 Qf4 40. Qe2 Rh3 41.
Rxh3 gxh3 42. Qh5 Qh6 43. Qxh6+ Kxh6 0-1

[Event "30. Open El Corte Inglés 2009 "]
[Site "Las Palmas de Gran Canaria"]
[Date "2009.12.08"]
[Round "9.8"]
[White "Gutierrez Olivares, Daniel"]
[Black "Hallerod, Ralph"]
[Result "0-1"]
[WhiteElo "2177"]
[BlackElo "2102"]
[PlyCount "66"]
[EventDate "2009.12.02"]
[EventType "swiss"]
[EventRounds "9"]
[EventCountry "ESP"]
[Source "lmi"]
[SourceDate "2009.12.02"]

1. e4 c6 2. d4 d5 3. f3 e6 4. Nc3 b6 5. Bf4 Bd6 6. Nge2 Ne7 7. Qd2 Ng6 8. Bxd6
Qxd6 9. h4 h6 10. h5 Ne7 11. e5 Qc7 12. Rh4 Ba6 13. Rg4 Rg8 14. Ng3 Bxf1 15.
Kxf1 Nd7 16. b4 O-O-O 17. a4 f5 18. Rh4 Nxe5 19. dxe5 Qxe5 20. Nge2 Qf6 21. Rh1
d4 22. Na2 e5 23. b5 c5 24. a5 Nd5 25. axb6 axb6 26. Nac1 Kb7 27. Nb3 c4 28.
Nbxd4 exd4 29. Qxd4 Ne3+ 30. Qxe3 Qxa1+ 31. Kf2 Qxh1 32. Qe7+ Ka8 33. Nd4 Rxd4
0-1

[Event "30. Open El Corte Inglés 2009 "]
[Site "Las Palmas de Gran Canaria"]
[Date "2009.12.08"]
[Round "9.9"]
[White "Gonzalez Perez, Lutgarda"]
[Black "Hernandez Leon, Sergio"]
[Result "0-1"]
[WhiteElo "2153"]
[BlackElo "2124"]
[PlyCount "126"]
[EventDate "2009.12.02"]
[EventType "swiss"]
[EventRounds "9"]
[EventCountry "ESP"]
[Source "lmi"]
[SourceDate "2009.12.02"]

1. d4 Nf6 2. Nf3 b5 3. g3 Bb7 4. Bg2 e6 5. O-O c5 6. c3 Be7 7. dxc5 Bxc5 8. Bg5
h6 9. Bxf6 Qxf6 10. Nbd2 O-O 11. Qc2 d5 12. e4 Nd7 13. Rac1 Rac8 14. exd5 Bxd5
15. Ne4 Qe7 16. Nxc5 Nxc5 17. Nd4 Bxg2 18. Kxg2 Qb7+ 19. Kg1 Rfd8 20. Rcd1 Ne4
21. f3 Nd6 22. Qe2 b4 23. cxb4 Qxb4 24. Nb3 Nf5 25. Qf2 a5 26. g4 Ne7 27. Rxd8+
Rxd8 28. Qc5 Qxc5+ 29. Nxc5 Rd2 30. Rf2 Rd1+ 31. Kg2 Nd5 32. Ne4 Nf4+ 33. Kg3
Nd3 34. Rg2 Rb1 35. b3 f5 36. gxf5 exf5 37. Nc3 Rc1 38. Nd5 Kf7 39. Nf4 Nxf4
40. Kxf4 Kf6 41. h4 Rh1 42. Kg3 g5 43. hxg5+ hxg5 44. Rc2 Re1 45. Rc6+ Re6 46.
Rc4 Re2 47. Rc6+ Kg7 48. Rc5 Kg6 49. Rxa5 f4+ 50. Kh3 Rf2 51. b4 Rxf3+ 52. Kg2
Rc3 53. b5 g4 54. b6 Rc2+ 55. Kf1 Rb2 56. a4 Rxb6 57. Rb5 Rc6 58. a5 Rc2 59.
Rb4 Kg5 60. Ra4 g3 61. a6 f3 62. Ra1 Kg4 63. a7 g2+ 0-1

[Event "30. Open El Corte Inglés 2009 "]
[Site "Las Palmas de Gran Canaria"]
[Date "2009.12.08"]
[Round "9.10"]
[White "Torres Maesso, Pedro"]
[Black "Rodriguez Perez, David"]
[Result "0-1"]
[WhiteElo "2171"]
[BlackElo "2024"]
[PlyCount "100"]
[EventDate "2009.12.02"]
[EventType "swiss"]
[EventRounds "9"]
[EventCountry "ESP"]
[Source "lmi"]
[SourceDate "2009.12.02"]

1. c4 Nf6 2. Nc3 g6 3. g3 Bg7 4. Bg2 O-O 5. e4 d6 6. Nge2 e5 7. d3 c6 8. O-O
Nh5 9. b4 f5 10. exf5 gxf5 11. Qb3 Qc7 12. f4 Be6 13. Bf3 Qf7 14. a4 Nd7 15.
Be3 Nhf6 16. Rae1 e4 17. dxe4 fxe4 18. Nxe4 Nxe4 19. Bxe4 Bxc4 20. Qc2 Nf6 21.
Bf5 Bb3 22. Qb1 Ba2 23. Qd3 Bc4 24. Qb1 Rae8 25. Qc1 Nd5 26. Qxc4 Nxe3 27.
Qxf7+ Rxf7 28. Bd3 Nxf1 29. Kxf1 Rfe7 30. f5 Bc3 31. Rb1 Re3 32. Rd1 Rf3+ 33.
Kg2 Rxd3 34. Rxd3 Rxe2+ 35. Kf3 Rc2 36. Rxd6 Bxb4 37. Rd8+ Kf7 38. Rd7+ Kf6 39.
Rxb7 a5 40. Rxh7 Kxf5 41. g4+ Kg6 42. Rh5 c5 43. h4 c4 44. Ke4 c3 45. Rg5+ Kf6
46. Rf5+ Ke6 47. Re5+ Kd6 48. Rd5+ Kc6 49. Rd8 Rh2 50. h5 Bd6 0-1